000 00550nam a2200229Ia 4500
003 OSt
005 20220912152947.0
006 a|||||r|||| 00| 0
007 ta
008 220909b |||||||| |||| 00| 0 eng d
024 _a28270
037 _cTextual
040 _aCSL
_beng
_cCSL
041 _aeng
082 _aC28:76, H7
100 _aJnananada
245 0 _aHigh vacua priciples production and measurement
260 _c1947
300 _ap.
_ccm.
942 _hC28:76, H7
_cTEXL
_2CC
999 _c94915
_d94915